Pul Par Ka Admi (Record no. 86043)

MARC details
000 -LEADER
fixed length control field 00489nam a2200181Ia 4500
003 - CONTROL NUMBER IDENTIFIER
control field OSt
005 - DATE AND TIME OF LATEST TRANSACTION
control field 20220704043623.0
008 - FIXED-LENGTH DATA ELEMENTS--GENERAL INFORMATION
fixed length control field 211109s9999||||xx |||||||||||||| ||und||
040 ## - CATALOGING SOURCE
Transcribing agency SBCL
082 ## - DEWEY DECIMAL CLASSIFICATION NUMBER
Classification number 891.432
Item number DVI-P
100 ## - MAIN ENTRY--PERSONAL NAME
Personal name Dwivedi, Hari Har
245 #0 - TITLE STATEMENT
Title Pul Par Ka Admi
260 ## - PUBLICATION, DISTRIBUTION, ETC.
Name of publisher, distributor, etc. NATIONAL BOOKSTALL
Place of publication, distribution, etc. Kottayam
Date of publication, distribution, etc. 1979
300 ## - PHYSICAL DESCRIPTION
Extent 117p.
630 ## - SUBJECT ADDED ENTRY--UNIFORM TITLE
General subdivision GENERAL STACK
650 ## - SUBJECT ADDED ENTRY--TOPICAL TERM
Topical term or geographic name entry element LITERATURE AND RHETORIC
942 ## - ADDED ENTRY ELEMENTS (KOHA)
Koha item type BOOK
650 ## - SUBJECT ADDED ENTRY--TOPICAL TERM
Form subdivision LITERATURES OF OTHER LANGUAGES
General subdivision HINDI DRAMAGeneralia
Holdings
Withdrawn status Lost status Source of classification or shelving scheme Damaged status Not for loan Home library Current library Date acquired Cost, normal purchase price Full call number Barcode Shelving location Date last seen Price effective from Koha item type
    Dewey Decimal Classification     SB LIBRARY SB LIBRARY 09/11/2021 100.00 891.432 DWI-P 00070844 GENERAL STACK 09/11/2021 09/11/2021 BOOK

Powered by Koha